00684nam a22001932 4500001001100000005001700011008004100028020001700069040001500086050001800101100003700119245010600156260001000262300002100272502008600293650004200379650004200421650002700463000000476120151217151941.0070530s xx 000 0 eng d a9058089908 : aKABUcKABU 0aSF376.2b.K671 aKosgei, Isaac Sanga.@000015554510aBreeding objectives and breeding strategies for small ruminants in the tropics /cIsaac Sanga Kosgei. c2004. a272 p. ;c24 cm. aThesis (Ph.D.) - Animal Breeding and Genetics Group, Wageningen University, 2004. 0aSheepxBreedingzTropics.@0000155546 0aGoatsxBreedingzTropics.@0000155547 0aRuminants.@0000155548